Cyclisme : Cyclistes Britanniques en WT et ProTeam saison 2025 - Statistiques

Statistiques générales
  • Ce quiz a été pris 59 fois
  • Le résultat moyen est 18 sur 51
Statistiques - réponses
Hint Réponse % Correct
Q36.5 Pro Cycling Team Joseph PIDCOCK
85%
Q36.5 Pro Cycling Team Thomas PIDCOCK
85%
UAE Team Emirates Adam YATES
80%
Visma Lease a Bike Simon YATES
80%
Bahrain - Victorious Fred WRIGHT
78%
INEOS Grenadiers Geraint THOMAS
74%
Groupama - FDJ Lewis ASKEY
67%
Picnic PostNL Oscar ONLEY
67%
Picnic PostNL Max POOLE
57%
INEOS Grenadiers Ben SWIFT
54%
INEOS Grenadiers Connor SWIFT
54%
INEOS Grenadiers Samuel WATSON
54%
INEOS Grenadiers Joshua TARLING
52%
Soudal - Quick Step Ethan HAYTER
50%
INEOS Grenadiers Ben TURNER
48%
Israel - Premier Tech Chris FROOME
48%
Visma Lease a Bike Matthew BRENNAN
48%
Cofidis Simon CARR
48%
Visma Lease a Bike Ben TULETT
46%
EF Education-EasyPost Hugh CARTHY
46%
Israel - Premier Tech Stephen WILLIAMS
43%
Soudal - Quick Step James KNOX
37%
EF Education-EasyPost James SHAW
33%
Cofidis Oliver KNIGHT
33%
Israel - Premier Tech Ethan VERNON
30%
Bahrain - Victorious Finaly PICKERING
30%
EF Education-EasyPost Owain DOULL
30%
Israel - Premier Tech Joseph BLACKMORE
28%
Lidl-Trek Tao GEOGHEGAN HART
28%
Visma Lease a Bike Daniel MCLAY
24%
Israel - Premier Tech Jake STEWART
24%
Solution Tech - Vini Fantini Mark STEWART
24%
Jayco Alula Paul DOUBLE
24%
Visma Lease a Bike Thomas GLOAG
24%
Groupama - FDJ Matthew WALLS
22%
EF Education-EasyPost Lukas NERURKAR
20%
Picnic PostNL Bjorn KOERDT
15%
EF Education-EasyPost Jack ROOTKIN GRAY
15%
EF Education-EasyPost Max WALKER
15%
Q36.5 Pro Cycling Team Mark DONOVAN
11%
Lotto Joshua GIDDINGS
9%
Team Novo Nordisk Nathan SMITH
7%
Bahrain - Victorious Oliver STOCKWELL
7%
Caja Rural - Seguros RGA Calum JOHNSTON
4%
Jayco Alula Robert DONALDSON
4%
Team Novo Nordisk Sam BRAND
4%
Picnic PostNL Sean FLYNN
4%
Wagner Bazin WB Tom PORTSMOUTH
4%
Unibet Tietema Rockets Charles PAIGE
2%
Team Novo Nordisk Hamish ARMITT
2%
Unibet Tietema Rockets Zeb KYFFIN
2%
Aucun quiz correspondant
Distribution des résultats
% des personnes avec chaque résultat
Percentile par nombre de réponses
Votre historique - résultats
Vous n’avez pas pris ce quiz